| Tag |
First Indicator |
Second Indicator |
Subfields |
| LEADER |
00000cam a2200000 a 4500 |
| 001 |
in00005709421 |
| 005 |
20260318191730.8 |
| 006 |
m o d |
| 007 |
cr ||||||||||| |
| 008 |
121220s2013 nyuab fob 001 0 eng d |
| 010 |
|
|
|z 2012006849
|
| 040 |
|
|
|a VMC
|b eng
|e pn
|c VMC
|d OCLCO
|d YDXCP
|d LLB
|d OCLCF
|d OCL
|d OCLCQ
|d IDK
|d OCLCQ
|d STBDS
|d VMC
|d OCLCO
|d FIE
|d CSAIL
|d BUF
|d WYU
|d OKU
|d LHU
|d YOU
|d YDX
|d OCLCQ
|d HS0
|d OCLCO
|d OCLCQ
|d OCLCO
|d OCLCL
|d OCLCQ
|d OCLCL
|d N$T
|d MM9
|d UKAHL
|d SFB
|d INARC
|
| 019 |
|
|
|a 902816731
|a 1065651414
|a 1091626750
|a 1113036711
|a 1114527401
|a 1173238987
|a 1245638550
|
| 020 |
|
|
|a 9780199980468
|q (ebook)
|
| 020 |
|
|
|a 0199980462
|q (ebook)
|
| 020 |
|
|
|a 9780199925056
|q (electronic bk.)
|
| 020 |
|
|
|a 0199925054
|q (electronic bk.)
|
| 020 |
|
|
|z 9780199925049
|
| 020 |
|
|
|z 0199925046
|
| 020 |
|
|
|z 9780199925063
|
| 020 |
|
|
|z 0199925062
|
| 035 |
|
|
|a (OCoLC)827268148
|z (OCoLC)902816731
|z (OCoLC)1065651414
|z (OCoLC)1091626750
|z (OCoLC)1113036711
|z (OCoLC)1114527401
|z (OCoLC)1173238987
|z (OCoLC)1245638550
|
| 050 |
|
4 |
|a BP171
|b .M867 2013 Internet
|
| 072 |
|
7 |
|a REL
|x 037000
|2 bisacsh
|
| 082 |
0 |
4 |
|a 297.35
|2 23
|
| 049 |
|
|
|a TXAM
|
| 245 |
0 |
0 |
|a Muslims and others in sacred space /
|c edited by Margaret Cormack.
|
| 260 |
|
|
|a New York :
|b Oxford University Press,
|c 2013.
|
| 300 |
|
|
|a 1 online resource :
|b illustrations, maps
|
| 336 |
|
|
|a text
|b txt
|2 rdacontent
|
| 337 |
|
|
|a computer
|b c
|2 rdamedia
|
| 338 |
|
|
|a online resource
|b cr
|2 rdacarrier
|
| 490 |
1 |
|
|a AAR religion, culture, and history.
|
| 520 |
|
|
|a This collection of seven essays offers wide-ranging and in-depth studies of locations sacred to Muslims, of the histories of these sites (real or imagined), and of the ways in which Muslims and members of other religions have interacted peaceably in sacred times and spaces. The volume begins with a discussion by David Damrel of the official, hostile, Muslim attitude toward practices at shrines in South Asia. Lance Laird then presents a case study of a shrine holy to Palestinian Christians, who identify its patron as St. George, as well as to Palestinian Muslims, who believe that its patron is al Khadr. Ethel Sara Wolper illustrates how al Khadr's patronage was used also to show Muslim connections to Christian sites in Anatolia, and JoAnn Gross's essay explores oral and written traditions linking shrines in Tajikistan to traditional Muslim locations and figures. A chapter by the late Thomas Sizgorich examines how Christian and Muslim authors used monastic settings to reimagine the relationship between the two religions, and Alexandra Cuffel offers a study of attitudes towards the mixing of religious groups in religious festivals in eleventh- to sixteenth-century Egypt. Finally, Eric Ross shows how the Layenne Sufi order incorporates a singular combination of Christian and Muslim figures and festivals in its history and practices. Muslims and Others in Sacred Space will be an invaluable resource to anyone interested in the complex meanings of sacred sites in Muslim history.
|
| 504 |
|
|
|a Includes bibliographical references and index.
|
| 505 |
0 |
|
|a Introduction / Peter Gottschalk -- Baraka Besieged: Islamism, neofundamentalism and shared sacred space in South Asia / David Damrel -- Boundaries and baraka: Christians, Muslims, and a Palestinian saint / Lance D. Laird -- Christmas in Cambérène, or how Muhammad begets Jesus in Senegal / Eric Ross -- Environmental disasters and political cominance in shared festivals and intercessions among medieval Muslims, Christians and Jews / Alexandra Cuffel -- Khidr and the politics of place: creating landscapes of continuity / Ethel Sara Wolper -- Foundational legends, shrines, and Isma'ili identity in Gorno-Badakhshan, Tajikistan / Jo-Ann Gross -- Monks and their daughters: monasteries as Muslim-Christian boundaries / -- Thomas Sizgorich.
|
| 650 |
|
0 |
|a Islam
|x Relations.
|
| 650 |
|
0 |
|a Islamic shrines.
|
| 650 |
|
0 |
|a Sacred space.
|
| 650 |
|
6 |
|a Sanctuaires musulmans.
|
| 650 |
|
6 |
|a Lieux sacrés.
|
| 650 |
|
7 |
|a Interfaith relations
|2 fast
|
| 650 |
|
7 |
|a Islam
|2 fast
|
| 650 |
|
7 |
|a Islamic shrines
|2 fast
|
| 650 |
|
7 |
|a Sacred space
|2 fast
|
| 650 |
|
7 |
|a Religion.
|2 hilcc
|
| 650 |
|
7 |
|a Philosophy & Religion.
|2 hilcc
|
| 650 |
|
7 |
|a Islam.
|2 hilcc
|
| 650 |
|
7 |
|a RELIGION
|x Islam
|x General.
|2 bisacsh
|
| 650 |
|
7 |
|a Islam
|2 gnd
|
| 650 |
|
7 |
|a Christentum
|2 gnd
|
| 650 |
|
7 |
|a Heiligenverehrung
|2 gnd
|
| 650 |
|
7 |
|a Heiligtum
|2 gnd
|
| 650 |
|
7 |
|a Nutzung
|2 gnd
|
| 655 |
|
7 |
|a Electronic books.
|2 local
|
| 700 |
1 |
|
|a Cormack, Margaret
|q (Margaret Jean)
|1 https://id.oclc.org/worldcat/entity/E39PCjxXDg3VJCRGQ43qBdWmBd
|
| 758 |
|
|
|i has work:
|a Muslims and others in sacred space (Text)
|1 https://id.oclc.org/worldcat/entity/E39PCGBHRgYvh6y4BgwgwvM49C
|4 https://id.oclc.org/worldcat/ontology/hasWork
|
| 776 |
0 |
8 |
|i Print version
|z 9780199925049
|
| 776 |
0 |
8 |
|i Print version:
|t Muslims and others in sacred space.
|d Oxford ; New York : Oxford University Press, ©2013
|z 9780199925049
|w (DLC) 2012006849
|w (OCoLC)778636779
|
| 830 |
|
0 |
|a Religion, culture, and history series.
|
| 856 |
4 |
0 |
|u http://proxy.library.tamu.edu/login?url=https://academic.oup.com/book/9194
|z Connect to the full text of this electronic book
|t 0
|
| 936 |
|
|
|a BATCHLOAD
|
| 955 |
|
|
|a Oxford Scholarship Online
|
| 994 |
|
|
|a 92
|b TXA
|
| 999 |
f |
f |
|i 99133513-638f-4dce-a85b-8a190b38bb8a
|s aba05277-6fce-4c43-bb12-b8ebae47f48c
|t 0
|
| 952 |
f |
f |
|a Texas A&M University
|b College Station
|c Electronic Resources
|s www_evans
|d Available Online
|t 0
|e BP171 .M867 2013 Internet
|h Library of Congress classification
|
| 998 |
f |
f |
|a BP171 .M867 2013 Internet
|t 0
|l Available Online
|